Statistics for Countries That Receive More Tourists Than Their Population

Click here to take the quiz!

General Stats

  • This quiz has been taken 63 times
  • The average score is 23 of 34

Answer Stats

VisitorsPop.Answer% Correct
90,2 mil65,3 milFrance
94%
64,5 mil60,4 milItaly
92%
83,7 mil46,7 milSpain
92%
31,3 mil10,4 milGreece
90%
24,6 mil10,1 milPortugal
87%
11,8 mil8,6 milSwitzerland
85%
32,3 mil9,0 milAustria
83%
10,9 mil4,9 milIreland
83%
17,4 mil4,1 milCroatia
81%
20,1 mil17,2 milNetherlands
81%
1,6 mil341,230Iceland
79%
1,2 mil625,980Luxembourg
79%
13,3 mil5,8 milDenmark
77%
377,00039,240Monaco
77%
14,3 mil10,7 milCzech Republic
75%
2,0 mil441,530Malta
73%
7,3 mil393,240Bahamas
71%
15,1 mil5,8 milSingapore
71%
1,4 mil282,230Barbados
67%
8,4 mil77,260Andorra
65%
4,9 mil2,9 milJamaica
65%
1,5 mil1,2 milCyprus
63%
1,4 mil540,770Maldives
63%
4,7 mil2,1 milSlovenia
63%
16,7 mil9,9 milUnited Arab Emirates
63%
1,8 mil1,4 milEstonia
56%
8,9 mil1,9 milLatvia
54%
16,9 mil9,6 milHungary
52%
1,0 mil53,770Saint Kitts and Nevis
50%
9,3 mil7,0 milBulgaria
46%
64,5 mil32,3 milMalaysia
42%
2,5 mil628,010Montenegro
42%
4,0 mil3,5 milUruguay
29%
6,9 mil6,5 milKyrgyzstan
4%

Score Distribution

Percentile by Number Answered

Percent of People with Each Score

Your Score History

You have not taken this quiz